Loading...

ഗുരു ഗോപാലകൃഷ്ണന്‍ : മുസിരിസ് ജീവചരിത്ര പരമ്പര /

Bibliographic Details
Main Author: കോട്ടപ്പുറം, രാജന്‍
Other Authors: Kottappuram, Rajan
Format: Printed Book
Language:English
Published: തിരുവനന്തപുരം : കേരള സംസ്ഥാന ബാലസാഹിത്യ ഇന്‍സ്റ്റിറ്റ്യൂട്ട്, 2013.
Edition:1st ed.
Subjects:
LEADER 01020nam a22002057a 4500
008 180428b xxu||||| |||| 00| 0 eng d
999 |c 22640  |d 22640 
020 |a 9788184943368 
082 |a 927.0117  |b GOP/KOT 
100 |a കോട്ടപ്പുറം, രാജന്‍ 
240 |a Guru gopalakrishnan / 
245 |a ഗുരു ഗോപാലകൃഷ്ണന്‍ :  |b മുസിരിസ് ജീവചരിത്ര പരമ്പര /  |c രാജന്‍ കോട്ടപ്പുറം 
250 |a 1st ed. 
260 |a തിരുവനന്തപുരം :  |b കേരള സംസ്ഥാന ബാലസാഹിത്യ ഇന്‍സ്റ്റിറ്റ്യൂട്ട്,  |c 2013. 
300 |a 120p. 
600 |a Guru gopalakrishnan 
650 |a Biography 
700 |a Kottappuram, Rajan 
942 |2 ddc  |c BK 
952 |0 0  |1 0  |2 ddc  |4 0  |6 927_011700000000000_GOP_KOT  |7 0  |9 31252  |a MAIN  |b MAIN  |d 2018-04-28  |e Kerala state book mark  |g 95.00  |o 927.0117 GOP/KOT  |p 31226  |r 2018-04-28  |t 1  |w 2018-04-28  |y BK